| 000 | 00382nam a2200145Ia 4500 | ||
|---|---|---|---|
| 008 | 240624s9999 xx 000 0 und d | ||
| 041 | _aeng | ||
| 082 | _a658.15 KOL | ||
| 100 | _aKOLLER TIM | ||
| 245 | _aVALUATION WORKBOOK STEP BY STEP AND TEST | ||
| 250 | _a(5th ed.) | ||
| 260 |
_c2011 _aNew Jersey _bJohn Wiley and Sons |
||
| 300 | _axi, : 241 : p. : cm. ; 25 | ||
| 365 |
_c _b27 |
||
| 999 |
_c17695 _d17695 |
||